000 01003cab a2200277 4500
001 WB3109-40
008 090401t1995 xxu||||| |||| 00| 0 eng d
035 _a(Sirsi) u15637
041 _aeng
245 _aBiting back at estate agents
260 _c1995
350 _a0
490 _aSunday Telegraph
_v26 February 1995, 8
490 _aObserver
_v26 February 1995, 20
490 _aGuardian
_v25 february 1995, 34(2)
520 _aWith almost half the complaints referred to the Ombudsman for Corporate Estate Agents relating to agents not associated with the scheme, the RICS, ISVA and NAEA have considered ways in which their members could be covered by such a scheme.
650 _aARLA
650 _aASSOCIATION OF RESIDENTIAL LETTING AGENTS
650 _aCOMPLAINTS
650 _aESTATE AGENTS
650 _aOMBUDSMAN FOR CORPORATE ESTATE AGENTS
650 _aREGULATION
690 _aMANAGEMENT-BUSINESS MANAGEMENT-PROFESSIONAL PRACTICE
942 _n0
948 _c04/03/1997
999 _c10279
_d10279